000 nam a22 7a 4500
999 _c126405
_d126405
008 170411b xxu||||| |||| 00| 0 eng d
050 _aBX4700.B345 S149
100 _aSaint-Pierre, Michael de
_929816
245 _aBernadette and Lourdes
_cMichael de Saint-Pierre
260 _aLondon
_bHutchinson
_c1954
300 _a256p. ;
_c22cm.
600 _aBernadette Soubirous, St.
_929610
650 _aLourdes
_929817
710 _a Fitzgerald, Edward
_929818
_etr.
942 _2lcc
_cMONOGRAPH